000
00298nam a22001217a 4500
020
_a
9788176489263
082
_a
664.027
_b
MAH/FO
100
_a
Mahindru, S.N
245
_a
Food preservation and irradiation
260
_a
New Delhi
_b
A P H Publishing corporation
_c
2005
300
_a
230
942
_c
BK
999
_c
13750
_d
13750